Catálogo

Historia de la Santísima Virgen María : (Registro nro. 38507)

Detalles MARC
000 -LEADER
fixed length control field 01480cam a2200349 i 4500
001 - CONTROL NUMBER
control field 38507
003 - CONTROL NUMBER IDENTIFIER
control field Mx-PuUPA
005 - DATE AND TIME OF LATEST TRANSACTION
control field 20260415160034.0
008 - FIXED-LENGTH DATA ELEMENTS--GENERAL INFORMATION
fixed length control field 140415s1995 sp a r 000 0 spa d
015 ## - NATIONAL BIBLIOGRAPHY NUMBER
National bibliography number B-28.472-1995
020 ## - INTERNATIONAL STANDARD BOOK NUMBER
International Standard Book Number 8486426391
Qualifying information obra completa
020 ## - INTERNATIONAL STANDARD BOOK NUMBER
International Standard Book Number 8486426405
Qualifying information tomo I
020 ## - INTERNATIONAL STANDARD BOOK NUMBER
International Standard Book Number 8486426413
Qualifying information tomo II
020 ## - INTERNATIONAL STANDARD BOOK NUMBER
International Standard Book Number 8486426421
Qualifying information tomo III
020 ## - INTERNATIONAL STANDARD BOOK NUMBER
International Standard Book Number 8486426782
Qualifying information tomo IV
040 ## - CATALOGING SOURCE
Original cataloging agency MX-PuUPA
Language of cataloging spa
Description conventions rda
Transcribing agency Mx-PuUPA
Modifying agency Mx-PuUPA
041 0# - LANGUAGE CODE
Language code of text/sound track or separate title spa
245 00 - TITLE STATEMENT
Title Historia de la Santísima Virgen María :
Remainder of title del desarrollo de su culto y de sus principales advocaciones en España y en América /
Statement of responsibility, etc. por una sociedad de escritores bajo la dirección de Joaquín Pérez Sanjulian ; Felipe González Rojas, editor
264 #1 - PRODUCTION, PUBLICATION, DISTRIBUTION, MANUFACTURE, AND COPYRIGHT NOTICE
Place of production, publication, distribution, manufacture [Barcelona] :
Name of producer, publisher, distributor, manufacturer Instituto Monsa de Ediciones,
Date of production, publication, distribution, manufacture, or copyright notice [1995?]
300 ## - PHYSICAL DESCRIPTION
Extent 4 volúmenes (paginación varía) :
Other physical details ilustraciones, láminas (a color) ;
Dimensions 30 cm.
336 ## - CONTENT TYPE
Content type term texto
Fuente rdacontent
Content type code txt
337 ## - MEDIA TYPE
Media type term sin medio
Source rdamedia
Media type code n
338 ## - CARRIER TYPE
Carrier type term volumen
Source rdacarrier
Carrier type code nc
500 ## - GENERAL NOTE
General note Facsimilar de la obra original publicada en Madrid, casa editorial, imprenta y litografía de Felipe González Rojas en 1902-1903.
600 04 - SUBJECT ADDED ENTRY--PERSONAL NAME
Personal name Virgen María
General subdivision Culto
Geographic subdivision América
600 04 - SUBJECT ADDED ENTRY--PERSONAL NAME
Personal name Virgen María
General subdivision Culto
Geographic subdivision España
700 1# - ADDED ENTRY--PERSONAL NAME
Personal name Pérez Sanjulián, Joaquín,
Relator term director
9 (RLIN) 6464
700 1# - ADDED ENTRY--PERSONAL NAME
Personal name González Rojas, Felipe,
Relator term editor
942 ## - ADDED ENTRY ELEMENTS (KOHA)
Source of classification or shelving scheme Dewey Decimal Classification
Koha item type Libro
Classification part 232.91
Item part H673
Existencias
Withdrawn status Lost status Source of classification or shelving scheme Damaged status Not for loan Collection code Home library Current library Shelving location Date acquired Source of acquisition Serial Enumeration / chronology Full call number Barcode Date last seen Price effective from Koha item type
    Dewey Decimal Classification     Referencia Biblioteca Karol Wojtyla Biblioteca Karol Wojtyla Área de silencio 03/12/2013 Compra t.2 232.91 H673 1995 58015 05/01/2026 26/01/2018 Libro R
    Dewey Decimal Classification     Referencia Biblioteca Karol Wojtyla Biblioteca Karol Wojtyla Área de silencio 03/12/2013 Compra t.3 232.91 H673 1995 58016 05/01/2026 26/01/2018 Libro R
    Dewey Decimal Classification     Referencia Biblioteca Karol Wojtyla Biblioteca Karol Wojtyla Área de silencio 03/12/2013 Compra t.1 232.91 H673 1995 58014 05/01/2026 26/01/2018 Libro R
    Dewey Decimal Classification     Referencia Biblioteca Karol Wojtyla Biblioteca Karol Wojtyla Área de silencio 26/01/2018 Compra t.4 232.91 H673 1995 58017 05/01/2026 26/01/2018 Libro R